| 000 | 00536nam a2200181 i 4500 | ||
|---|---|---|---|
| 001 | 133920 | ||
| 003 | ES-MaACL | ||
| 005 | 20230906194547.0 | ||
| 007 | t| | ||
| 008 | 070903s1969 sp ||||1| spa d | ||
| 100 | 1 |
_aWallace, Irving. _9115951 |
|
| 245 | 1 | 3 |
_aLa creación de una novela / _cIrving Wallace ; [traducido por Amparo García Burgos]. |
| 250 | _a1ª ed. | ||
| 260 |
_aBarcelona : _bGrijalbo, _c[1969] |
||
| 300 |
_a253 p. ; _c20 cm. |
||
| 700 | 1 |
_aGarcía Burgos, Amparo. _954298 |
|
| 852 |
_aES-MaACL _jC-39506 _bR.71497 |
||
| 999 |
_c133920 _d133920 |
||